Tribhuvan University Central Library

A textbook of practical immunology / (Record no. 118876)

MARC details
000 -LEADER
fixed length control field 00643nam a2200241 4500
008 - FIXED-LENGTH DATA ELEMENTS--GENERAL INFORMATION
fixed length control field 241231b |||||||| |||| 00| 0 eng d
020 ## - INTERNATIONAL STANDARD BOOK NUMBER
International Standard Book Number 9994631209
041 ## - LANGUAGE CODE
Language code of original Eng.
082 ## - DEWEY DECIMAL CLASSIFICATION NUMBER
Edition number 23rd
Classification number 616.079/T314
100 ## - MAIN ENTRY--PERSONAL NAME
Personal name Khatri, Yogan
245 ## - TITLE STATEMENT
Title A textbook of practical immunology /
Statement of responsibility, etc. Yogan Khatri ...[et.al.].
260 ## - PUBLICATION, DISTRIBUTION, ETC.
Place of publication, distribution, etc. [s.l.]:
Name of publisher, distributor, etc. [s.n.],
Date of publication, distribution, etc. 2004.
300 ## - PHYSICAL DESCRIPTION
Extent 130p. : ill.
650 ## - SUBJECT ADDED ENTRY--TOPICAL TERM
Topical term or geographic name entry element Immunology
650 ## - SUBJECT ADDED ENTRY--TOPICAL TERM
Topical term or geographic name entry element Medical science
9 (RLIN) 9278
650 ## - SUBJECT ADDED ENTRY--TOPICAL TERM
Topical term or geographic name entry element Immunity
650 ## - SUBJECT ADDED ENTRY--TOPICAL TERM
Topical term or geographic name entry element Protein
650 ## - SUBJECT ADDED ENTRY--TOPICAL TERM
Topical term or geographic name entry element Cells
700 ## - ADDED ENTRY--PERSONAL NAME
Personal name Ghimire, Prakash
700 ## - ADDED ENTRY--PERSONAL NAME
Personal name Parajuli, Keshab
9 (RLIN) 35869
700 ## - ADDED ENTRY--PERSONAL NAME
Personal name Rajbhandari, Rajita
942 ## - ADDED ENTRY ELEMENTS (KOHA)
Source of classification or shelving scheme Dewey Decimal Classification
Koha item type ISBN
Holdings
Withdrawn status Lost status Source of classification or shelving scheme Damaged status Not for loan Home library Current library Date acquired Total Checkouts Full call number Barcode Date last seen Price effective from Koha item type
    Dewey Decimal Classification     Tribhuvan University Central Library Tribhuvan University Central Library 12/31/2024   616.079/T314 IS3492 12/31/2024 12/31/2024 ISBN